000 00572nam a2200217 i 4500
001 bgj
100 1 _aJOYCE, James
_d(1882-1941).
245 1 0 _aA Portrait of the Artist as a Young Man /
_cJames Joyce.
260 _aNew York :
_bThe Viking Press,
_c1960.
300 _a253 pp ;
_c20 cm.
490 1 _aCompass Book
651 9 _aIreland
_zDublin
651 9 _aDublin (Ireland)
655 _aFiction
655 _aAutobiographical fiction
830 _aCompass Book
040 _cBPK
041 0 _aeng
942 _cKS
008 s uk f |000 0 eng
999 _c48668
_d48668
856 _uhttp://koha.tu.koszalin.pl/cgi-bin/koha/opac-detail.pl?biblionumber=48668
_yKatalog online BPK